[Event "GBR-ch105 Seniors 50"]
[Site "Hull"]
[Date "2018.08.03"]
[Round "6"]
[White "McMahon, Paul"]
[Black "Towers, Nigel S"]
[Result "1/2-1/2"]
[WhiteElo "1911"]
[BlackElo "1834"]
[PlyCount "110"]
[EventDate "2018.07.29"]
[EventType "swiss"]
[EventRounds "7"]
[EventCountry "GBR"]
[SourceTitle "CBM 185 Extra"]
[Source "ChessBase"]
[SourceDate "2018.06.29"]
[SourceVersion "1"]
[SourceVersionDate "2018.06.29"]
[SourceQuality "1"]

1. e4 c6 2. Nc3 d5 3. Qf3 dxe4 4. Nxe4 Nd7 5. d4 Ngf6 6. Bd3 Nxe4 7. Qxe4 Nf6
8. Qe5 Qd5 9. Qg3 Qxd4 10. Ne2 Qg4 11. Bf4 Qxg3 12. hxg3 g6 13. O-O-O Bg7 14.
f3 O-O 15. Bc4 b5 16. Bb3 c5 17. c3 Bb7 18. Be3 Rfc8 19. Nf4 e6 20. Bf2 c4 21.
Bc2 Nd5 22. Ne2 b4 23. Be4 a5 24. Bd4 Bxd4 25. Rxd4 f5 26. Bxd5 Bxd5 27. Nf4
Rc5 28. Rhd1 Re8 29. Nxd5 Rxd5 30. Rxd5 exd5 31. Rxd5 Re1+ 32. Kc2 Re2+ 33. Rd2
b3+ 34. axb3 cxb3+ 35. Kd3 Re7 36. Kc4 a4 37. Kb4 Ra7 38. Ka3 h5 39. g4 fxg4
40. fxg4 h4 41. Rd4 Re7 42. g5 Re2 43. Rxh4 Rxg2 44. Rxa4 Rxg5 45. Kxb3 Kf7 46.
Ra6 Rb5+ 47. Kc2 g5 48. b4 g4 49. Kd3 g3 50. Ke2 Rf5 51. Ra5 Rf2+ 52. Ke1 Rc2
53. Kf1 Rxc3 54. Kg2 Rb3 55. Rg5 Rxb4 1/2-1/2

[Event "GBR-ch105 Seniors 50"]
[Site "Hull"]
[Date "2018.08.03"]
[Round "6"]
[White "Nelson, Jonathan P"]
[Black "Robinson, James M"]
[Result "1-0"]
[WhiteElo "2178"]
[BlackElo "1745"]
[PlyCount "103"]
[EventDate "2018.07.29"]
[EventType "swiss"]
[EventRounds "7"]
[EventCountry "GBR"]
[SourceTitle "CBM 185 Extra"]
[Source "ChessBase"]
[SourceDate "2018.06.29"]
[SourceVersion "1"]
[SourceVersionDate "2018.06.29"]
[SourceQuality "1"]

1. e4 d6 2. d4 g6 3. Nc3 Bg7 4. f4 e6 5. Nf3 Ne7 6. Bd3 Nbc6 7. Be3 f5 8. e5 d5
9. O-O O-O 10. b3 Nb4 11. Be2 a5 12. a3 Nbc6 13. Na4 Nb8 14. c4 c6 15. c5 Nd7
16. Ng5 Nb8 17. Nb6 Ra7 18. Qe1 h6 19. Nh3 Nd7 20. Na4 b5 21. cxb6 Nxb6 22. Nc5
a4 23. b4 Bd7 24. Bf2 Nec8 25. Bh4 Qe8 26. Rc1 Nc4 27. Bxc4 dxc4 28. Rxc4 Nb6
29. Rc2 Qf7 30. Nf2 Rc8 31. Nfd3 Nd5 32. Nb2 Nxf4 33. Rxf4 g5 34. Rf3 gxh4 35.
Qxh4 Bf8 36. Nc4 Rb8 37. Ne4 Bg7 38. Ncd6 Qf8 39. Nc5 Bc8 40. Rg3 Kh7 41. Qh5
Re7 42. Qg6+ Kh8 43. Rd2 Ra8 44. Rf3 Qg8 45. g4 Raa7 46. Rg2 Bd7 47. h3 Be8 48.
Nxe8 Rxe8 49. g5 Qf7 50. gxh6 Qxg6 51. Rxg6 Kh7 52. Rxg7+ 1-0

[Event "GBR-ch105 Seniors 50"]
[Site "Hull"]
[Date "2018.08.03"]
[Round "6"]
[White "Spanton, Timothy R"]
[Black "Simons, Martin J"]
[Result "1/2-1/2"]
[WhiteElo "1927"]
[BlackElo "2008"]
[PlyCount "47"]
[EventDate "2018.07.29"]
[EventType "swiss"]
[EventRounds "7"]
[EventCountry "GBR"]
[SourceTitle "CBM 185 Extra"]
[Source "ChessBase"]
[SourceDate "2018.06.29"]
[SourceVersion "1"]
[SourceVersionDate "2018.06.29"]
[SourceQuality "1"]

1. c4 e5 2. Nc3 Nf6 3. Nf3 Nc6 4. e4 Bb4 5. d3 d6 6. Be2 h6 7. O-O Bxc3 8. bxc3
Qe7 9. Rb1 b6 10. Ne1 O-O 11. Nc2 Nd8 12. Ne3 Kh7 13. f4 g6 14. Qd2 exf4 15.
Rxf4 Qe5 16. Ng4 Bxg4 17. Bxg4 Ne6 18. Bxe6 fxe6 19. Rh4 Ng8 20. Rxh6+ Nxh6 21.
Qxh6+ Kg8 22. Qxg6+ Kh8 23. Qh6+ Kg8 24. Qg6+ 1/2-1/2

[Event "GBR-ch105 Seniors 50"]
[Site "Hull"]
[Date "2018.08.03"]
[Round "6"]
[White "Townsend, M Paul"]
[Black "Mason, Donald"]
[Result "1-0"]
[WhiteElo "2219"]
[BlackElo "2133"]
[PlyCount "57"]
[EventDate "2018.07.29"]
[EventType "swiss"]
[EventRounds "7"]
[EventCountry "GBR"]
[SourceTitle "CBM 185 Extra"]
[Source "ChessBase"]
[SourceDate "2018.06.29"]
[SourceVersion "1"]
[SourceVersionDate "2018.06.29"]
[SourceQuality "1"]

1. d4 Nf6 2. c4 e6 3. g3 d5 4. Bg2 c6 5. Nf3 Bb4+ 6. Bd2 Bd6 7. Nc3 Nbd7 8. e4
Nxe4 9. Nxe4 dxe4 10. Ng5 Be7 11. Nxe4 Nf6 12. Bc3 Nxe4 13. Bxe4 Bf6 14. O-O c5
15. dxc5 Bxc3 16. bxc3 O-O 17. Rb1 Qa5 18. c6 Rd8 19. Qf3 Rb8 20. Bxh7+ Kxh7
21. Qxf7 Bd7 22. Rb5 Qxb5 23. cxb5 bxc6 24. Re1 Be8 25. Qxe6 Bg6 26. bxc6 Re8
27. Qh3+ Kg8 28. Rxe8+ Rxe8 29. c7 1-0

[Event "GBR-ch105 Seniors 50"]
[Site "Hull"]
[Date "2018.08.03"]
[Round "6"]
[White "Wager, John D"]
[Black "Chapman, Terry PD"]
[Result "0-1"]
[WhiteElo "2045"]
[BlackElo "2200"]
[PlyCount "82"]
[EventDate "2018.07.29"]
[EventType "swiss"]
[EventRounds "7"]
[EventCountry "GBR"]
[SourceTitle "CBM 185 Extra"]
[Source "ChessBase"]
[SourceDate "2018.06.29"]
[SourceVersion "1"]
[SourceVersionDate "2018.06.29"]
[SourceQuality "1"]

1. d4 d6 2. c4 g6 3. Nc3 Bg7 4. Nf3 Nc6 5. d5 Ne5 6. Nd4 c5 7. dxc6 bxc6 8. e4
c5 9. Nc2 Nf6 10. Be2 O-O 11. O-O Bb7 12. f4 Nc6 13. Be3 Nd7 14. Qd2 Nb4 15.
Bf3 Nxc2 16. Qxc2 Qa5 17. Bd2 Qb6 18. b3 e6 19. Rad1 Nb8 20. Ne2 Nc6 21. Be3
Nd4 22. Nxd4 cxd4 23. Bf2 e5 24. Qd3 Rae8 25. Rfe1 Bc6 26. f5 Qb7 27. g4 Bh6
28. h4 Bf4 29. Kg2 f6 30. Bg3 Bxg3 31. Kxg3 Re7 32. Kf2 Rg7 33. Rg1 Kh8 34.
Rde1 Re8 35. Qb1 Qb4 36. Qc2 Qb7 37. Qb1 gxf5 38. gxf5 Reg8 39. Rxg7 Qxg7 40.
Rg1 Qh6 41. Rxg8+ Kxg8 0-1

[Event "GBR-ch105 Seniors 50"]
[Site "Hull"]
[Date "2018.08.03"]
[Round "6"]
[White "Waters, Clive L"]
[Black "Robson, Paul E"]
[Result "1/2-1/2"]
[WhiteElo "2064"]
[BlackElo "1842"]
[PlyCount "59"]
[EventDate "2018.07.29"]
[EventType "swiss"]
[EventRounds "7"]
[EventCountry "GBR"]
[SourceTitle "CBM 185 Extra"]
[Source "ChessBase"]
[SourceDate "2018.06.29"]
[SourceVersion "1"]
[SourceVersionDate "2018.06.29"]
[SourceQuality "1"]

1. d4 c5 2. c3 cxd4 3. cxd4 g6 4. Nc3 Bg7 5. Nf3 Nf6 6. g3 b6 7. Bg2 Bb7 8. O-O
O-O 9. Re1 d5 10. Ne5 Na6 11. Bf4 Ne4 12. Nxe4 dxe4 13. Rc1 Rc8 14. Rxc8 Qxc8
15. Qa4 Bxe5 16. dxe5 Qc6 17. Qxc6 Bxc6 18. Rc1 Bd5 19. Bg5 Re8 20. a3 Nc5 21.
b4 Ne6 22. Be3 f5 23. exf6 exf6 24. f3 exf3 25. Bxf3 Bxf3 26. exf3 Kf7 27. Kf2
Rd8 28. Ke2 Ke7 29. a4 Nd4+ 30. Bxd4 1/2-1/2

[Event "GBR-ch105 Seniors 50"]
[Site "Hull"]
[Date "2018.08.04"]
[Round "7"]
[White "Blades, Nigel"]
[Black "Wager, John D"]
[Result "1/2-1/2"]
[WhiteElo "2072"]
[BlackElo "2045"]
[PlyCount "42"]
[EventDate "2018.07.29"]
[EventType "swiss"]
[EventRounds "7"]
[EventCountry "GBR"]
[SourceTitle "CBM 185 Extra"]
[Source "ChessBase"]
[SourceDate "2018.06.29"]
[SourceVersion "1"]
[SourceVersionDate "2018.06.29"]
[SourceQuality "1"]

1. d4 d5 2. c4 c6 3. Nc3 Nf6 4. e3 g6 5. Nf3 Bg7 6. Be2 O-O 7. O-O Nbd7 8. cxd5
cxd5 9. Qb3 e6 10. Bd2 Ne4 11. Rfd1 Nxd2 12. Rxd2 Qb6 13. Qxb6 Nxb6 14. Rc2 Bd7
15. b3 Rfc8 16. Rac1 Bf8 17. Nb1 f6 18. Ne1 Rxc2 19. Rxc2 Rc8 20. Rxc8 Nxc8 21.
Nd3 Bb5 1/2-1/2

[Event "GBR-ch105 Seniors 50"]
[Site "Hull"]
[Date "2018.08.04"]
[Round "7"]
[White "Brooks, Phil J"]
[Black "Nelson, Jonathan P"]
[Result "0-1"]
[WhiteElo "2187"]
[BlackElo "2178"]
[PlyCount "104"]
[EventDate "2018.07.29"]
[EventType "swiss"]
[EventRounds "7"]
[EventCountry "GBR"]
[SourceTitle "CBM 185 Extra"]
[Source "ChessBase"]
[SourceDate "2018.06.29"]
[SourceVersion "1"]
[SourceVersionDate "2018.06.29"]
[SourceQuality "1"]

1. d4 d6 2. c4 Nf6 3. Nc3 g6 4. e4 Bg7 5. h3 O-O 6. Be3 e5 7. d5 a5 8. g4 Na6
9. Qd2 Nc5 10. f3 Nfd7 11. h4 f5 12. gxf5 gxf5 13. O-O-O f4 14. Bf2 Nb6 15. Qe2
Qe7 16. Bh3 c6 17. Kb1 Nbd7 18. Qf1 Nf6 19. Nge2 cxd5 20. cxd5 a4 21. Rg1 a3
22. b3 Bd7 23. Bxd7 Qxd7 24. Nc1 Rfc8 25. Qe1 Qh3 26. Bxc5 Rxc5 27. Na4 Rxa4
28. bxa4 Qxf3 29. Nb3 Rc8 30. Rc1 Rxc1+ 31. Qxc1 Qxe4+ 32. Ka1 Qf5 33. Qc7 Ng4
34. Qd8+ Kf7 35. Qc7+ Kg6 36. Qxd6+ Bf6 37. Qe6 e4+ 38. Kb1 e3+ 39. Kc1 Qxe6
40. dxe6 h5 41. Rf1 e2 42. Rh1 f3 43. Kd2 Be7 44. Nd4 Bb4+ 45. Kc2 e1=Q 46.
Rxe1 Bxe1 47. Nxf3 Bf2 48. Kd3 Kf6 49. Ng5 Bxh4 50. Ne4+ Kxe6 51. Nc5+ Kd5 52.
Nxb7 Bf2 0-1

[Event "GBR-ch105 Seniors 50"]
[Site "Hull"]
[Date "2018.08.04"]
[Round "7"]
[White "Chapman, Terry PD"]
[Black "Townsend, M Paul"]
[Result "1/2-1/2"]
[WhiteElo "2200"]
[BlackElo "2219"]
[PlyCount "43"]
[EventDate "2018.07.29"]
[EventType "swiss"]
[EventRounds "7"]
[EventCountry "GBR"]
[SourceTitle "CBM 185 Extra"]
[Source "ChessBase"]
[SourceDate "2018.06.29"]
[SourceVersion "1"]
[SourceVersionDate "2018.06.29"]
[SourceQuality "1"]

1. Nf3 Nf6 2. g3 d5 3. Bg2 e6 4. O-O Be7 5. b3 O-O 6. c4 c5 7. e3 Nc6 8. Bb2
Qa5 9. cxd5 Nxd5 10. a3 Rd8 11. Qc2 Bd7 12. d3 Rac8 13. Nbd2 Be8 14. Rfd1 Bf6
15. Rac1 Bxb2 16. Qxb2 b6 17. Bf1 Nf6 18. Nc4 Qa6 19. Nce5 Qa5 20. Nc4 Qa6 21.
Nce5 Qa5 22. Nc4 1/2-1/2

[Event "GBR-ch105 Seniors 50"]
[Site "Hull"]
[Date "2018.08.04"]
[Round "7"]
[White "Connolly, Marcus PA"]
[Black "Clancy, Martin J"]
[Result "1/2-1/2"]
[WhiteElo "1830"]
[BlackElo "1810"]
[PlyCount "41"]
[EventDate "2018.07.29"]
[EventType "swiss"]
[EventRounds "7"]
[EventCountry "GBR"]
[SourceTitle "CBM 185 Extra"]
[Source "ChessBase"]
[SourceDate "2018.06.29"]
[SourceVersion "1"]
[SourceVersionDate "2018.06.29"]
[SourceQuality "1"]

1. f4 g6 2. Nf3 Bg7 3. e3 Nf6 4. d4 d6 5. c3 O-O 6. Be2 Nc6 7. Bb5 Bd7 8. O-O
a6 9. Bxc6 Bxc6 10. Bd2 b5 11. Na3 Bb7 12. Nc2 Ne4 13. Be1 c5 14. Nd2 Qc7 15.
Nxe4 Bxe4 16. Rc1 Rac8 17. Bf2 Qb7 18. Ne1 Rc7 19. Nf3 Rfc8 20. Qe2 c4 21. Rfd1
1/2-1/2

[Event "GBR-ch105 Seniors 50"]
[Site "Hull"]
[Date "2018.08.04"]
[Round "7"]
[White "Dean, Robert A"]
[Black "Stephenson, David W"]
[Result "0-1"]
[WhiteElo "1844"]
[BlackElo "1817"]
[PlyCount "90"]
[EventDate "2018.07.29"]
[EventType "swiss"]
[EventRounds "7"]
[EventCountry "GBR"]
[SourceTitle "CBM 185 Extra"]
[Source "ChessBase"]
[SourceDate "2018.06.29"]
[SourceVersion "1"]
[SourceVersionDate "2018.06.29"]
[SourceQuality "1"]

1. e4 e5 2. Nf3 Nc6 3. Bb5 f5 4. Nc3 fxe4 5. Nxe4 Nf6 6. Ng3 e4 7. Ng5 Nd4 8.
Ba4 b5 9. Bb3 Nxb3 10. axb3 d5 11. Qe2 Bd6 12. d4 O-O 13. O-O h6 14. Nh3 Bxh3
15. gxh3 Qd7 16. Kg2 c6 17. Be3 Ne8 18. c4 Rf3 19. cxb5 cxb5 20. Ra5 a6 21.
Rfa1 Nc7 22. Rc1 Ne6 23. Qc2 Rxe3 24. fxe3 Ng5 25. Kh1 Qxh3 26. Qg2 Qg4 27.
Raa1 Nf3 28. Rc6 Nh4 29. Qf2 Qd7 30. Raxa6 Rxa6 31. Rxa6 Bxg3 32. Ra8+ Kh7 33.
hxg3 Qh3+ 34. Qh2 Qf1+ 35. Qg1 Qf3+ 36. Kh2 Qe2+ 37. Kh1 Nf5 38. Rf8 Nxe3 39.
Rf2 Qh5+ 40. Qh2 Qd1+ 41. Qg1 Qxb3 42. Re2 Ng4 43. Qf1 Kg6 44. Qc1 Qf3+ 45. Rg2
Ne3 0-1

[Event "GBR-ch105 Seniors 50"]
[Site "Hull"]
[Date "2018.08.04"]
[Round "7"]
[White "Dilleigh, Stephen P"]
[Black "Spanton, Timothy R"]
[Result "1-0"]
[WhiteElo "2016"]
[BlackElo "1927"]
[PlyCount "86"]
[EventDate "2018.07.29"]
[EventType "swiss"]
[EventRounds "7"]
[EventCountry "GBR"]
[SourceTitle "CBM 185 Extra"]
[Source "ChessBase"]
[SourceDate "2018.06.29"]
[SourceVersion "1"]
[SourceVersionDate "2018.06.29"]
[SourceQuality "1"]

1. Nf3 d5 2. d4 e6 3. c4 Nf6 4. Nc3 c5 5. cxd5 cxd4 6. Qxd4 exd5 7. e4 dxe4 8.
Qxd8+ Kxd8 9. Ng5 Be6 10. Nxe6+ fxe6 11. Bg5 Bb4 12. O-O-O+ Ke7 13. Nxe4 Kf7
14. Nxf6 gxf6 15. Be3 Ke7 16. Be2 Nd7 17. Kb1 Ne5 18. f4 Nc6 19. Bf3 Rhc8 20.
Rd3 Rc7 21. Rhd1 Rac8 22. a3 Ba5 23. Bxc6 bxc6 24. Bc5+ Ke8 25. Rg3 Kf7 26. Rh3
Kg6 27. Rhd3 Bb6 28. Bb4 Kf5 29. g3 h5 30. a4 a6 31. Bc3 h4 32. gxh4 Rh7 33.
Be1 Kxf4 34. Bg3+ Kf5 35. Rf1+ Kg6 36. Rd6 Re7 37. Rc1 a5 38. Rdxc6 Rxc6 39.
Rxc6 Bd4 40. Kc2 Rb7 41. Rxe6 Rxb2+ 42. Kd3 Be5 43. Bxe5 Kf5 1-0

[Event "GBR-ch105 Seniors 50"]
[Site "Hull"]
[Date "2018.08.04"]
[Round "7"]
[White "Gostelow, David W"]
[Black "Kennedy, Craig"]
[Result "0-1"]
[WhiteElo "1918"]
[BlackElo "1906"]
[PlyCount "80"]
[EventDate "2018.07.29"]
[EventType "swiss"]
[EventRounds "7"]
[EventCountry "GBR"]
[SourceTitle "CBM 185 Extra"]
[Source "ChessBase"]
[SourceDate "2018.06.29"]
[SourceVersion "1"]
[SourceVersionDate "2018.06.29"]
[SourceQuality "1"]

1. d4 d5 2. Bf4 Nf6 3. e3 e6 4. Nf3 c5 5. c3 Nc6 6. Nbd2 cxd4 7. exd4 Nh5 8.
Be3 Bd6 9. Ne5 g6 10. Ndf3 O-O 11. Bd3 Bd7 12. Bh6 Ng7 13. Qe2 f6 14. Nxc6 bxc6
15. O-O Qc7 16. c4 Rae8 17. c5 Bf4 18. Bxf4 Qxf4 19. Rfe1 e5 20. g3 Qh6 21. Qd2
Qh5 22. Be2 Bg4 23. Nh4 e4 24. Bxg4 Qxg4 25. Qe2 Qd7 26. Rab1 g5 27. Ng2 f5 28.
Qd2 Ne6 29. Rf1 Qg7 30. Rbd1 f4 31. b4 Rf6 32. f3 fxg3 33. hxg3 Rxf3 34. Rxf3
exf3 35. Ne3 g4 36. Nf5 Qf6 37. Nd6 Re7 38. a4 Ng5 39. Kf1 Qh6 40. Qf2 Qh1+ 0-1

[Event "GBR-ch105 Seniors 50"]
[Site "Hull"]
[Date "2018.08.04"]
[Round "7"]
[White "Kenning, Paul H"]
[Black "McMahon, Paul"]
[Result "1-0"]
[WhiteElo "1841"]
[BlackElo "1911"]
[PlyCount "83"]
[EventDate "2018.07.29"]
[EventType "swiss"]
[EventRounds "7"]
[EventCountry "GBR"]
[SourceTitle "CBM 185 Extra"]
[Source "ChessBase"]
[SourceDate "2018.06.29"]
[SourceVersion "1"]
[SourceVersionDate "2018.06.29"]
[SourceQuality "1"]

1. e4 d5 2. exd5 Qxd5 3. Nc3 Qd6 4. d4 Nf6 5. Nf3 c6 6. Bc4 Bf5 7. Ne5 e6 8.
O-O Be7 9. Bb3 Nd5 10. Nxd5 exd5 11. Qf3 Qf6 12. Re1 O-O 13. c3 Nd7 14. Ng4 Qg6
15. Ne3 Be6 16. Bc2 Qf6 17. Nf5 Bxf5 18. Qxf5 Qxf5 19. Bxf5 Ne5 20. Rxe5 Bd6
21. Re1 g6 22. Bd3 h5 23. Bd2 Kg7 24. Re2 Rac8 25. Rae1 b6 26. Ba6 Rcd8 27. Bb7
c5 28. dxc5 Bxc5 29. b4 Bd6 30. Be3 f6 31. Bd4 Rf7 32. Bxd5 Bxh2+ 33. Kxh2 Rxd5
34. Re7 a5 35. bxa5 Rxa5 36. Rxf7+ Kxf7 37. Bxb6 Rxa2 38. c4 Rc2 39. c5 Rxf2
40. c6 Rc2 41. c7 Rc6 42. Rd1 1-0

[Event "GBR-ch105 Seniors 50"]
[Site "Hull"]
[Date "2018.08.04"]
[Round "7"]
[White "Lewis, Andrew P"]
[Black "Brown, Alan M"]
[Result "1-0"]
[WhiteElo "2298"]
[BlackElo "1976"]
[PlyCount "49"]
[EventDate "2018.07.29"]
[EventType "swiss"]
[EventRounds "7"]
[EventCountry "GBR"]
[SourceTitle "CBM 185 Extra"]
[Source "ChessBase"]
[SourceDate "2018.06.29"]
[SourceVersion "1"]
[SourceVersionDate "2018.06.29"]
[SourceQuality "1"]

1. Nf3 Nf6 2. c4 g6 3. Nc3 Bg7 4. e4 d6 5. d4 O-O 6. Be2 Nc6 7. d5 Nb8 8. O-O
Nbd7 9. h3 Nc5 10. Qc2 a5 11. Be3 Nfd7 12. Rad1 e5 13. dxe6 Nxe6 14. Nd4 Nxd4
15. Bxd4 Bxd4 16. Rxd4 Qf6 17. Rfd1 Nb6 18. Nd5 Nxd5 19. cxd5 Qe7 20. Rc4 f5
21. Rxc7 Qxe4 22. Qc3 Qe5 23. Qxe5 dxe5 24. Bc4 Kh8 25. d6 1-0

[Event "GBR-ch105 Seniors 50"]
[Site "Hull"]
[Date "2018.08.04"]
[Round "7"]
[White "Mason, Donald"]
[Black "Gibbs, Dominic V"]
[Result "1/2-1/2"]
[WhiteElo "2133"]
[BlackElo "1948"]
[PlyCount "52"]
[EventDate "2018.07.29"]
[EventType "swiss"]
[EventRounds "7"]
[EventCountry "GBR"]
[SourceTitle "CBM 185 Extra"]
[Source "ChessBase"]
[SourceDate "2018.06.29"]
[SourceVersion "1"]
[SourceVersionDate "2018.06.29"]
[SourceQuality "1"]

1. e4 g6 2. d4 Bg7 3. Nc3 c6 4. Nf3 d6 5. Be3 Nd7 6. Qd2 b5 7. a3 Bb7 8. Bd3 e5
9. O-O Ngf6 10. dxe5 dxe5 11. Bh6 O-O 12. Bxg7 Kxg7 13. Qg5 h6 14. Qe3 Qe7 15.
Ne2 a6 16. Ng3 Nc5 17. Rfc1 Rfd8 18. h3 Nfd7 19. Bf1 Ne6 20. c4 Nf4 21. b4 Nf8
22. a4 bxc4 23. Rxc4 Rd6 24. Qc3 Nd7 25. b5 c5 26. Qb2 Kh7 1/2-1/2

[Event "GBR-ch105 Seniors 50"]
[Site "Hull"]
[Date "2018.08.04"]
[Round "7"]
[White "Robinson, James M"]
[Black "Waters, Clive L"]
[Result "0-1"]
[WhiteElo "1745"]
[BlackElo "2064"]
[PlyCount "82"]
[EventDate "2018.07.29"]
[EventType "swiss"]
[EventRounds "7"]
[EventCountry "GBR"]
[SourceTitle "CBM 185 Extra"]
[Source "ChessBase"]
[SourceDate "2018.06.29"]
[SourceVersion "1"]
[SourceVersionDate "2018.06.29"]
[SourceQuality "1"]

1. d4 Nf6 2. Nf3 g6 3. Bf4 Bg7 4. h3 O-O 5. e3 d6 6. Be2 Nc6 7. O-O Nd7 8. Nbd2
e5 9. Bg5 Qe8 10. c3 e4 11. Ne1 h6 12. Bf4 Kh8 13. Qc2 f5 14. b4 g5 15. Bh2 Nf6
16. b5 Nd8 17. f4 Nd5 18. Nc4 a6 19. bxa6 b5 20. Na3 Nxe3 21. Qb2 Nxf1 22. Bxf1
Bxa6 23. Nec2 b4 24. Bxa6 bxa3 25. Qxa3 Qc6 26. Nb4 Qb6 27. fxg5 hxg5 28. Qc1
Rxa6 29. Nxa6 Qxa6 30. Qxg5 Qe2 31. a4 Ne6 32. Qe7 Qe3+ 33. Kh1 Qxc3 34. Rf1
Nxd4 35. a5 Qc4 36. Rb1 Kg8 37. a6 Qxa6 38. Qxc7 f4 39. Bg1 Nf5 40. Rb7 Qa1 41.
Kh2 Qe5 0-1

[Event "GBR-ch105 Seniors 50"]
[Site "Hull"]
[Date "2018.08.04"]
[Round "7"]
[White "Simons, Martin J"]
[Black "Freeman, Richard"]
[Result "1/2-1/2"]
[WhiteElo "2008"]
[BlackElo "2012"]
[PlyCount "33"]
[EventDate "2018.07.29"]
[EventType "swiss"]
[EventRounds "7"]
[EventCountry "GBR"]
[SourceTitle "CBM 185 Extra"]
[Source "ChessBase"]
[SourceDate "2018.06.29"]
[SourceVersion "1"]
[SourceVersionDate "2018.06.29"]
[SourceQuality "1"]

1. e4 c5 2. Nc3 g6 3. f4 Bg7 4. Nf3 Nc6 5. Bb5 Nd4 6. O-O a6 7. Bd3 d6 8. Nxd4
cxd4 9. Ne2 Nf6 10. c3 dxc3 11. dxc3 b5 12. Ng3 O-O 13. Qe2 Qc7 14. a4 Bg4 15.
Qf2 Bd7 16. axb5 Bxb5 17. Qe2 1/2-1/2

[Event "GBR-ch105 Seniors 50"]
[Site "Hull"]
[Date "2018.08.04"]
[Round "7"]
[White "Smith, Murray"]
[Black "Bolt, Graham"]
[Result "1-0"]
[WhiteElo "2262"]
[BlackElo "2016"]
[PlyCount "63"]
[EventDate "2018.07.29"]
[EventType "swiss"]
[EventRounds "7"]
[EventCountry "GBR"]
[SourceTitle "CBM 185 Extra"]
[Source "ChessBase"]
[SourceDate "2018.06.29"]
[SourceVersion "1"]
[SourceVersionDate "2018.06.29"]
[SourceQuality "1"]

1. c4 e5 2. Nc3 Bb4 3. Nf3 Bxc3 4. dxc3 d6 5. g3 Nf6 6. Bg2 O-O 7. O-O Nc6 8.
Qc2 Be6 9. b3 h6 10. Rd1 Qc8 11. Nd2 Bf5 12. e4 Bg4 13. f3 Bh3 14. Nf1 Bxg2 15.
Kxg2 Nh7 16. Ne3 Ne7 17. g4 g6 18. c5 dxc5 19. Nd5 Nxd5 20. Rxd5 Re8 21. Bxh6
g5 22. Qd2 c6 23. Rd6 Rd8 24. Rd1 Rxd6 25. Qxd6 Qe8 26. Qc7 Qb8 27. Qe7 Qe8 28.
Bxg5 Qxe7 29. Bxe7 b6 30. Rd7 f6 31. h4 a5 32. Rd8+ 1-0

[Event "GBR-ch105 Seniors 50"]
[Site "Hull"]
[Date "2018.08.04"]
[Round "7"]
[White "Towers, Nigel S"]
[Black "Hodge, Steve R"]
[Result "1/2-1/2"]
[WhiteElo "1834"]
[BlackElo "2005"]
[PlyCount "41"]
[EventDate "2018.07.29"]
[EventType "swiss"]
[EventRounds "7"]
[EventCountry "GBR"]
[SourceTitle "CBM 185 Extra"]
[Source "ChessBase"]
[SourceDate "2018.06.29"]
[SourceVersion "1"]
[SourceVersionDate "2018.06.29"]
[SourceQuality "1"]

1. e4 c5 2. Nf3 Nc6 3. d4 cxd4 4. Nxd4 Nf6 5. Nc3 e5 6. Nf5 d5 7. exd5 Bxf5 8.
dxc6 bxc6 9. Qf3 Qd7 10. Bg5 e4 11. Qe2 Be7 12. Rd1 Qb7 13. Qa6 Qxa6 14. Bxa6
Rb8 15. Bc1 O-O 16. O-O Rfe8 17. Bc4 Bg4 18. Rde1 Bd6 19. h3 Be6 20. Bb3 Bb4
21. Rd1 1/2-1/2

[Event "GBR-ch105 Seniors 65"]
[Site "Hull"]
[Date "2018.07.29"]
[Round "1.1"]
[White "Stimpson, Philip M"]
[Black "Shephard, Chris CW"]
[Result "0-1"]
[WhiteElo "1920"]
[BlackElo "2201"]
[PlyCount "74"]
[EventDate "2018.07.29"]
[EventType "swiss"]
[EventRounds "7"]
[EventCountry "GBR"]

1. e4 c6 2. d4 g6 3. Nc3 d5 4. e5 Bg7 5. Nf3 Bg4 6. h3 Bxf3 7. Qxf3 e6 8. Bf4
Nd7 9. Qe3 Qb6 10. O-O-O O-O-O 11. Kb1 Re8 12. Rd3 h5 13. Nd1 Ne7 14. Rb3 Nf5
15. Rxb6 Nxe3 16. Rxc6+ bxc6 17. Ba6+ Kc7 18. Bxe3 Rb8 19. b3 c5 20. dxc5 Bxe5
21. f4 Bf6 22. c3 Be7 23. Bd4 Rhe8 24. Kc2 Bxc5 25. Be5+ Bd6 26. Re1 f6 27.
Bxd6+ Kxd6 28. Ne3 Nc5 29. Bd3 Nxd3 30. Kxd3 e5 31. f5 Rg8 32. g4 hxg4 33. hxg4
gxf5 34. Nxf5+ Ke6 35. Rg1 Rh8 36. b4 Rh3+ 37. Ne3 Rd8 0-1

[Event "GBR-ch105 Seniors 65"]
[Site "Hull"]
[Date "2018.07.29"]
[Round "1.2"]
[White "Friedgood, David"]
[Black "Pickersgill, Adrian O"]
[Result "1/2-1/2"]
[WhiteElo "2188"]
[BlackElo "1919"]
[PlyCount "47"]
[EventDate "2018.07.29"]
[EventType "swiss"]
[EventRounds "7"]
[EventCountry "GBR"]

1. d4 d6 2. e4 Nf6 3. Nc3 c6 4. f4 Qa5 5. Bd3 e5 6. Nf3 Bg4 7. Be3 Nbd7 8. O-O
Be7 9. h3 Bh5 10. Ne2 O-O 11. Ng3 exf4 12. Bxf4 Bg6 13. Re1 Rfe8 14. c4 Rad8
15. Qc2 Nh5 16. Nxh5 Qxh5 17. Re2 Nf8 18. d5 Nd7 19. Nd4 Bf6 20. Nf5 Ne5 21.
Bxe5 Bxe5 22. dxc6 bxc6 23. Rf1 Qg5 24. Qd2 1/2-1/2

[Event "GBR-ch105 Seniors 65"]
[Site "Hull"]
[Date "2018.07.29"]
[Round "1.3"]
[White "Smith, David"]
[Black "James, Geoffrey H"]
[Result "0-1"]
[WhiteElo "1916"]
[BlackElo "2163"]
[PlyCount "56"]
[EventDate "2018.07.29"]
[EventType "swiss"]
[EventRounds "7"]
[EventCountry "GBR"]

1. e4 e5 2. Nf3 Nc6 3. Bb5 a6 4. Ba4 d6 5. c3 f5 6. d3 Nf6 7. Bg5 h6 8. Bxf6
Qxf6 9. Nbd2 Be7 10. Qe2 O-O 11. h3 Kh8 12. exf5 Bxf5 13. Ne4 Qg6 14. g4 Bd7
15. Bb3 Na5 16. Bc2 Qf7 17. b4 Qxf3 18. Qxf3 Rxf3 19. bxa5 Raf8 20. O-O-O d5
21. Ng3 Rxf2 22. Nf5 Bg5+ 23. Kb1 g6 24. Ng3 Bh4 25. Rhg1 Rh2 26. Rgf1 Rxf1 27.
Rxf1 Bxg3 28. Rf7 Bc6 0-1